000 03097nam0a2200433 4500
001 RU\NLR\BIBL_A\022574822
005 20260119180130.0
010 _a978-5-4488-2400-5
_bПрофобразование
010 _a978-5-4497-3963-6
_bАй Пи Ар Медиа
_9500
021 _aRU
_bКН-П-25-026229
_9КН-П-25-2614
035 _a(NLR Aleph) 022574822
090 _a13532575
_c13532575
100 _a20250626d2025 u y0rusy50 ca
101 0 _arus
102 _aRU
105 _aa z 000yy
181 0 _ai3
_baxxe
182 0 _an
200 1 _aЭлектронная информационно-образовательная среда колледжа
_eметодические рекомендации
_fН. Ю. Иванова, А. С. Борисова, Е. А. Лохматов, канд. юрид. наук, А. А. Кошелев, канд. социал. наук, доц.
_gФедеральная служба по надзору в сфере образования и науки, Федеральное государственное бюджетное образовательное учреждение "Национальное аккредитационное агентство в сфере образования"
203 _aТекст
_bвизуальный
_cнепосредственный
210 _aМосква
_cАй Пи Ар Медиа
_aСаратов
_bПрофобразование
_d2025
215 _a73 с.
_cил., табл.
_d21
225 1 _aСерия "PROкачество образования: Колледж"
300 _aАвт. указаны на обороте тит. л.
300 _aДо. информ. в ссылке QR-кода кн.
606 1 _aУчреждения среднего профессионального образования
_jМетодические пособия
_xСетевое образовательное пространство
_xФормирование
_92688661
_3RU\NLR\AUTH\6601763407
606 1 _aКвалиметрия в среднем профессиональном образовании
_jМетодические пособия
_92688662
_3RU\NLR\AUTH\6601763408
686 1 _aЧ471.231я8
686 1 _aЧ471.28я8
701 1 _7ca
_8rus
_aИванова
_bН. Ю.
_cспециалист в области образования
_f1980-
_gНаталья Юрьевна
_92650145
_3RU\NLR\AUTH\770278178
701 1 _7ca
_8rus
_aБорисова
_bА. С.
_cспециалист в области онлайн-образования
_gАнна Сергеевна
_92650146
_3RU\NLR\AUTH\770278179
701 1 _aЛохматов
_bЕ. А.
_gЕвгений Александрович
701 1 _aКошелев
_bА. А.
_gАлександр Анатольевич
712 0 2 _4570
_aНациональное аккредитационное агентство в сфере образования
_cМосква
_9751659
_3RU\NLR\AUTH\880543613
942 _cBOOK
980 _aNB